01702nam a2200265 a 450000100100000000500170001000800410002704000250006808200190009324501560011226000650026830000210033350004680035459000270082265000500084965000450089965100560094470000290100070000250102971000880105491000370114295201170117995201230129699900170141900002574820250512125213.0110222s1993 dr 000 0 spa d aDO-SdBNPbspacBNPHU a338.925bP961e00aPrivatización de empresas públicas y rendimensionamiento del estado en la República Dominicana /ccoordinación Andrés Dauhajre, Juan Lladó. aSanto Domingo :bFundación Economía y Desarrollo,c1993. a555 p. ;c23 cm. aEste estudio fue realizado por un equipo de expertos contratados por la Fundación Economía y Desarrollo, Inc. bajo la coordinación general del Dr. Andrés Dauhajre, hijo y la dirección del Dr. Juan Lladó, investigador principal del estudio. La investigación fue posible gracias al alpyo económico recibido del Centro Internacional para el Desarrollo Económico (CINDE) y del Gobierno Dominicano a través de la Secretaría de Estado de Finanzas. aInventariado, 2019/MFF 4aPrivatizaciónzRepública Dominicana96938 4aPrivatizaciónzAmérica Latina952550 4aRepública DominicanaxPolítica Económica96431 aDauhajre, Andrés960001 aLladó, Juan9371382 a Fundación Economía y Desarrollo (Santo Domingo, República Dominicana)987751 aValidado. Control de calidad MFF 0010718PDaPDbPDcHDd2011-02-22iLF1l0o338.925 P961ep25748-10r2020-06-25w2020-06-25yLFPDZNo se presta 0010718PDaPDbPDcHDd2015-02-10iLF1l0o338.925 P961ep25748-20r2020-06-25te. 2w2020-06-25yLFPDZNo se presta c25240d25240